000 00217nam a22001097a 4500
041 _aeng
080 _a80
100 _aBrien Alistair etc.
245 _aSchauplatz. Students Book.
650 _aGerman
999 _c281068
_d281068
942 _cBK